000 00337nam a2200121Ia 4500
008 220217s9999||||xx |||||||||||||| ||und||
082 _a004.2 LIC
100 _aRajaraman, V Travis, Jim
_93660
245 0 _aParllel computers
260 _aPrentice hall of india
_bNew Delhi
_c2000
300 _b175
650 _aCOMPUTER ARCHITECTURE
999 _c172358
_d172358